عرض عادي عرض مارك
  • Kiraly, Donald C.,

مدخل إسم شخص

عدد التسجيلات المستخدمة في: 1

001 - رقم الضبط

  • حقل الضبط: 56721

003 - معرف رقم الضبط

  • حقل الضبط: OSt

005 - تاريخ ووقت أخر عملية

  • حقل الضبط: 20161124105320.0

008 - عناصر بيانات ثابتة الطول

  • حقل تحكم ثابت الطول: 161124|| aca||aabn | a|a d

040 ## - مصدر الفهرسة

  • هيئة الفهرسة الأصلية: OSt
  • وكالة الكتابة: OSt

100 ## - مدخل -- أسم شخص

  • إسم شخص: Kiraly, Donald C.,
  • تواريخ مرتبطة بالاسم: 1953-

670 ## - بيانات المصدر موجوده

  • الاستشهاد بالمصدر: Work cat.: (OSt)0: Kiraly, Donald C., 1953-, A social constructivist approach to translator education :, c2000.